Mass culture and modernism in Egypt
Αποθηκεύτηκε σε:
| Κύριος συγγραφέας: | |
|---|---|
| Μορφή: | Βιβλίο |
| Γλώσσα: | English |
| Δημοσίευση: |
Cambridge :
Cambridge University Press,
c1996
|
| Σειρά: | Cambridge studies in social and cultural anthropology
; 102 |
| Θέματα: | |
| Ετικέτες: |
Προσθήκη ετικέτας
Δεν υπάρχουν, Καταχωρήστε ετικέτα πρώτοι!
|
MARC
| LEADER | 00000nam a2200000 i 4500 | ||
|---|---|---|---|
| 001 | 1/17789 | ||
| 008 | 981008s1996 eng d | ||
| 020 | |a 0-521-48492-8 | ||
| 035 | |l 10020683 | ||
| 040 | |a GR-MY-UA |b gre |e aacr | ||
| 041 | 0 | |a eng | |
| 082 | 0 | |a 962.03 | |
| 100 | 1 | |a Armbrust, Walter. | |
| 245 | 1 | 0 | |a Mass culture and modernism in Egypt / |c Walter Armbrust |
| 260 | |a Cambridge : |b Cambridge University Press, |c c1996 | ||
| 300 | |a 275 p. |b fig. | ||
| 490 | 1 | |a Cambridge studies in social and cultural anthropology |v ; 102 | |
| 504 | |a Includes bibliographical references | ||
| 650 | 0 | 0 | |a Popular culture |z Egypt. |
| 650 | 0 | 0 | |a Mass media |z Egypt |x History |y 20th century. |
| 651 | 0 | |a Egypt |x Civilization |y 1798- | |
| 852 | |a INST |b LESVOS |e 19981008 |h 962.03 ARM |p 005100012962 |q 005100012962 |t BK |y 0 | ||
| 852 | |a INST |b LESVOS |e 19981110 |h 962.03 ARM |p 005100017746 |q 005100017746 |t BK |y 0 | ||
| 901 | |a BIBL-1998-3 | ||
| 909 | |a Λ |b 059131 | ||
| 909 | |a Λ |b 060107 | ||
| 922 | |a 1ΔΩΡ |b 199809 |c ΤΚΑ | ||
| 922 | |a 1ΕΛΗ |b 199810 |c ΚΠΣ/ΤΚΑ |d ΠΑΠΑΣΩΤΗΡΙΟΥ | ||
| 950 | |a 117-1998-07-12 | ||